LEADER 03595nam 2200745 a 450 001 9910454489803321 005 20200520144314.0 010 $a1-282-74135-7 010 $a9786612741357 010 $a0-7748-5542-8 035 $a(CKB)1000000000712833 035 $a(EBL)3251896 035 $a(SSID)ssj0000643638 035 $a(PQKBManifestationID)12276682 035 $a(PQKBTitleCode)TC0000643638 035 $a(PQKBWorkID)10653836 035 $a(PQKB)10019861 035 $a(SSID)ssj0000278646 035 $a(PQKBManifestationID)11225759 035 $a(PQKBTitleCode)TC0000278646 035 $a(PQKBWorkID)10259369 035 $a(PQKB)10328364 035 $a(MiAaPQ)EBC3412387 035 $a(CaPaEBR)408595 035 $a(CaBNvSL)slc00208509 035 $a(MiAaPQ)EBC3251896 035 $a(Au-PeEL)EBL3412387 035 $a(CaPaEBR)ebr10214464 035 $a(CaONFJC)MIL274135 035 $a(OCoLC)923445295 035 $a(EXLCZ)991000000000712833 100 $a20070327d2007 uy 0 101 0 $aeng 135 $aur|n|---||||| 181 $ctxt 182 $cc 183 $acr 200 00$aDevelopment's displacements$b[electronic resource] $eecologies, economies, and cultures at risk /$fedited by Peter Vandergeest, Pablo Idahosa, and Pablo S. Bose 210 $aVancouver $cUBC Press$dc2007 215 $a1 online resource (289 p.) 300 $aDescription based upon print version of record. 311 $a0-7748-1206-0 311 $a0-7748-1205-2 320 $aIncludes bibliographical references and index. 327 $aIntro; Contents; Acknowledgments; Introduction; Part 1: Displacement, Multinationals, and the State; Part 2: Displacement and Neoliberalism; Part 3: Conservation and Displacement; Conclusion; Contributors; Index; 1 Who Defines Displacement? The Operation of the World Bank Involuntary Resettlement Policy in a Large Mining Project; 2 Gendered Implications: Development-Induced Displacement in Sudan; 3 Uprooting Communities and Reconfiguring Rural Landscapes: Industrial Tree Plantations and Displacement in Sarawak, Malaysia, and Eastern Thailand 327 $a4 Enforcement and/or Empowerment? Different Displacements Induced by Neoliberal Water Policies in Thailand5 Displacements in Neoliberal Land Reforms: Producing Tenure (In)Securities in Laos and Thailand; 6 Contested Territories: Development, Displacement, and Social Movements in Colombia; 7 Dams, Development, and Displacement: The Narmada Valley Development Projects; 8 Upon Whose Terms? The Displacement of Afro-Descendent Communities in the Creation of Costa Rica's National Parks; 9 Entanglements: Campesino and Indigenous Tenure Insecurities on the Honduran North Coast; A; B; C; D; E; F; G; H 327 $aIJ; K; L; M; N; O; P; R; S; T; U; V; W; Z 606 $aEconomic development projects$xSocial aspects$vCase studies 606 $aEconomic development projects$xEnvironmental aspects$vCase studies 606 $aInternally displaced persons$vCase studies 608 $aElectronic books. 615 0$aEconomic development projects$xSocial aspects 615 0$aEconomic development projects$xEnvironmental aspects 615 0$aInternally displaced persons 676 $a306.3 701 $aVandergeest$b Peter$f1955-$0141356 701 $aBose$b Pablo S.$f1972-$0894583 701 $aIdahosa$b Pablo$f1954-$0894584 801 0$bMiAaPQ 801 1$bMiAaPQ 801 2$bMiAaPQ 906 $aBOOK 912 $a9910454489803321 996 $aDevelopment's displacements$91998461 997 $aUNINA LEADER 02415nas 2200697-a 450 001 996336156403316 005 20230227213019.0 011 $a2688-5565 035 $a(OCoLC)60620266 035 $a(CKB)110978984445539 035 $a(CONSER)--2007266022 035 $a(EXLCZ)99110978984445539 100 $a20050614a19939999 --- a 101 0 $aeng 135 $aur||||||||||| 181 $ctxt$2rdacontent 182 $cc$2rdamedia 183 $acr$2rdacarrier 200 10$aMichigan journal of gender & law 210 $a[Ann Arbor, Mich.] $c[Published by student editors of the University of Michigan Law School] 300 $aRefereed/Peer-reviewed 311 $a1095-8835 517 1 $aMich. J. Gender & L. 517 1 $aMichigan journal of gender and law 517 1 $aJournal of gender & law 531 $aMICHIGAN JOURNAL OF GENDER AND LAW 531 $aMICH J GEND LAW 531 $aJOURNAL OF INTERNATIONAL LAW AND PRACTICE SEE 531 $aMICHIGAN STATE UNIVERSITY-DCL JOURNAL OF INTERNATIONAL LAW SEE 531 $aJOURNAL OF INTERNATIONAL LAW AND PRACTICE SEE 606 $aSex and law$vPeriodicals 606 $aSex discrimination against women$xLaw and legislation$zUnited States$vPeriodicals 606 $aFeminism$zUnited States$vPeriodicals 606 $aWomen's rights$vPeriodicals 606 $aLaw reviews$zMichigan 606 $aFeminism$2fast$3(OCoLC)fst00922671 606 $aLaw reviews$2fast$3(OCoLC)fst00994120 606 $aSex and law$2fast$3(OCoLC)fst01114252 606 $aSex discrimination against women$xLaw and legislation$2fast$3(OCoLC)fst01114381 606 $aWomen's rights$2fast$3(OCoLC)fst01178818 607 $aMichigan$2fast 607 $aUnited States$2fast 608 $aPeriodicals.$2fast 608 $aPeriodicals.$2lcgft 615 0$aSex and law 615 0$aSex discrimination against women$xLaw and legislation 615 0$aFeminism 615 0$aWomen's rights 615 0$aLaw reviews 615 7$aFeminism. 615 7$aLaw reviews. 615 7$aSex and law. 615 7$aSex discrimination against women$xLaw and legislation. 615 7$aWomen's rights. 676 $a342.087 676 $a344 712 02$aUniversity of Michigan.$bLaw School. 906 $aJOURNAL 912 $a996336156403316 996 $aMichigan journal of gender & law$92097799 997 $aUNISA LEADER 07409nam 2202005I 450 001 9910790467703321 005 20210429140705.0 010 $a1-283-40600-4 010 $a9786613406002 010 $a1-4008-3917-3 024 8 $a10.1515/9781400839179 035 $a(CKB)2670000000139947 035 $a(EBL)832662 035 $a(OCoLC)769928321 035 $a(SSID)ssj0000642442 035 $a(PQKBManifestationID)11364206 035 $a(PQKBTitleCode)TC0000642442 035 $a(PQKBWorkID)10648551 035 $a(PQKB)10498242 035 $a(SSID)ssj0001524073 035 $a(PQKBManifestationID)12646367 035 $a(PQKBTitleCode)TC0001524073 035 $a(PQKBWorkID)11476754 035 $a(PQKB)11463142 035 $a(DE-B1597)453822 035 $a(OCoLC)979582573 035 $a(DE-B1597)9781400839179 035 $a(MiAaPQ)EBC832662 035 $a(EXLCZ)992670000000139947 100 $a20101107e20101990 uy 0 101 0 $aeng 135 $aur|n#---||||| 181 $ctxt$2rdacontent 182 $cc$2rdamedia 183 $acr$2rdacarrier 200 14$aThe undiscovered self $ewith symbols and the interpretation of dreams /$fby C. G. Jung 205 $aWith a New foreword by Sonu Shamdasani 210 1$aPrinceton, NJ :$cPrinceton University Press,$d2010. 210 4$dİ2011 215 $a1 online resource (157 p.) 225 0 $aJung Extracts 300 $a"From The Collected Works of C. G. Jung, Volumes 10, 18". 311 $a0-691-09968-5 311 $a0-691-15051-6 327 $tFrontmatter --$tTable of Contents --$tForeword to the 2010 Edition --$tI. The Undiscovered Self (Present and Future) --$t1. The Plight of the Individual in Modern Society --$t2. Religion as the Counterbalance to Mass-Mindedness --$t3. The Position of the West on the Question of Religion --$t4. The Individual's Understanding of Himself --$t5. The Philosophical and the Psychological Approach to Life --$t6. Self-Knowledge --$t7. The Meaning of Self-Knowledge --$tII. Symbols and the Interpretation of Dreams --$t1. The Significance of Dreams --$t2. The Functions of the Unconscious --$t3. The Language of Dreams --$t4. The Problem of Types in Dream Interpretation --$t5. The Archetype in Dream Symbolism --$t6. The Function of Religious Symbols --$t7. Healing the Split --$tPrinceton/Bollingen Paperback Editions 330 $aThese two essays, written late in Jung's life, reflect his responses to the shattering experience of World War II and the dawn of mass society. Among his most influential works, "The Undiscovered Self" is a plea for his generation--and those to come--to continue the individual work of self-discovery and not abandon needed psychological reflection for the easy ephemera of mass culture. Only individual awareness of both the conscious and unconscious aspects of the human psyche, Jung tells us, will allow the great work of human culture to continue and thrive. Jung's reflections on self-knowledge and the exploration of the unconscious carry over into the second essay, "Symbols and the Interpretation of Dreams," completed shortly before his death in 1961. Describing dreams as communications from the unconscious, Jung explains how the symbols that occur in dreams compensate for repressed emotions and intuitions. This essay brings together Jung's fully evolved thoughts on the analysis of dreams and the healing of the rift between consciousness and the unconscious, ideas that are central to his system of psychology. This paperback edition of Jung's classic work includes a new foreword by Sonu Shamdasani, Philemon Professor of Jung History at University College London. 410 0$aBollingen series ;$v20. 606 $aPsychoanalysis 606 $aSelf 606 $aDreams 606 $aDream interpretation 606 $aSymbolism (Psychology) 606 $aSubconsciousness 610 $aA Matter of Fact. 610 $aAbsurdity. 610 $aActive imagination. 610 $aAftermath of World War II. 610 $aAnalogy. 610 $aArchetype. 610 $aBuddhism. 610 $aCarl Jung. 610 $aCertainty. 610 $aChristianity. 610 $aCognition. 610 $aConnotation. 610 $aConscience. 610 $aConsciousness. 610 $aCreation myth. 610 $aCredulity. 610 $aCriticism. 610 $aCryptomnesia. 610 $aDeed. 610 $aDelusion. 610 $aDisadvantage. 610 $aDissociation (psychology). 610 $aDistrust. 610 $aDoctrine. 610 $aDream interpretation. 610 $aDynamism (metaphysics). 610 $aEmotionality. 610 $aEnthusiasm. 610 $aExplanation. 610 $aExtraversion and introversion. 610 $aFanaticism. 610 $aFear of God. 610 $aFeeling. 610 $aForgetting. 610 $aFree association (psychology). 610 $aHuman spirit. 610 $aHypothesis. 610 $aImagination. 610 $aIndividual. 610 $aIndividuation. 610 $aInferiority complex. 610 $aInner Experience. 610 $aIntellect. 610 $aIntention. 610 $aIrrationality. 610 $aMedical psychology. 610 $aMetaphor. 610 $aModern history. 610 $aMoral responsibility. 610 $aMorality. 610 $aMultitude. 610 $aNeurosis. 610 $aNeuroticism. 610 $aParapsychology. 610 $aParticipation mystique. 610 $aPhenomenon. 610 $aPhilosopher. 610 $aPhilosophy. 610 $aPrecognition. 610 $aPrejudice. 610 $aPreparedness. 610 $aPrinciple. 610 $aProtestantism. 610 $aPsyche (psychology). 610 $aPsychology. 610 $aPsychotherapy. 610 $aRationality. 610 $aReality. 610 $aReason. 610 $aReligion. 610 $aReligious experience. 610 $aReligious fanaticism. 610 $aResentment. 610 $aResult. 610 $aSanity. 610 $aSchizophrenia. 610 $aScience. 610 $aSelf-control. 610 $aSelf-criticism. 610 $aSelf-experimentation. 610 $aSelf-knowledge (psychology). 610 $aSlavery. 610 $aSonu Shamdasani. 610 $aState religion. 610 $aStupor. 610 $aSubjectivism. 610 $aSubjectivity. 610 $aSuffering. 610 $aSuggestion. 610 $aSymptom. 610 $aTechnology. 610 $aThe Other Hand. 610 $aTheory. 610 $aThought. 610 $aTomb. 610 $aTreatise. 610 $aUncertainty. 610 $aUnconsciousness. 610 $aUnderstanding. 610 $aVolition (psychology). 615 0$aPsychoanalysis. 615 0$aSelf. 615 0$aDreams. 615 0$aDream interpretation. 615 0$aSymbolism (Psychology) 615 0$aSubconsciousness. 676 $a150.1954 700 $aJung$b C. G.$0931461 702 $aHull$b R. F.C. 702 $aShamdasani$b Sonu 801 0$bDE-B1597 801 1$bDE-B1597 801 2$bUK-SaU 906 $aBOOK 912 $a9910790467703321 996 $aThe undiscovered self$93708856 997 $aUNINA